Correspondecia del Obispo de Puebla Manuel Fernández, al Virrey Conde de Galve, sobre la desobediencia de algunos eclesiásticos

Detalles Bibliográficos
Otros Autores: Manuel Obispo de la Puebla
Formato: Libro
Publicado: México, 1694
Materias:
Colección:Banco de datos
Acervo:Biblioteca Palafoxiana. Colección de Manuscritos
Descripción Física:1 f. ; 21 x 31 cm.
Tema general:Eclesiástica
LEADER 00480nam a22001450004500
035 |a 2895 
245 1 0 |a Correspondecia del Obispo de Puebla Manuel Fernández, al Virrey Conde de Galve, sobre la desobediencia de algunos eclesiásticos 
260 |a México, 1694 
300 |a 1 f. ; 21 x 31 cm. 
650 1 0 |a Eclesiástica 
700 1 |a Manuel Obispo de la Puebla 
949 |a R469/034 
942 |c PALAMANU 
943 |g Biblioteca Palafoxiana. Colección de Manuscritos 
999 |c 1070840  |d 1070840